Alternative Pseudodifferential Analysis With an Application to Modular Forms /

This volume introduces an entirely new pseudodifferential analysis on the line, the opposition of which to the usual (Weyl-type) analysis can be said to reflect that, in representation theory, between the representations from the discrete and from the (full, non-unitary) series, or that between modu...

Πλήρης περιγραφή

Λεπτομέρειες βιβλιογραφικής εγγραφής
Κύριος συγγραφέας: Unterberger, André (Συγγραφέας)
Συγγραφή απο Οργανισμό/Αρχή: SpringerLink (Online service)
Μορφή: Ηλεκτρονική πηγή Ηλ. βιβλίο
Γλώσσα:English
Έκδοση: Berlin, Heidelberg : Springer Berlin Heidelberg : Imprint: Springer, 2008.
Σειρά:Lecture Notes in Mathematics, 1935
Θέματα:
Διαθέσιμο Online:Full Text via HEAL-Link
LEADER 02997nam a22005295i 4500
001 978-3-540-77911-7
003 DE-He213
005 20151204185605.0
007 cr nn 008mamaa
008 140315s2008 gw | s |||| 0|eng d
020 |a 9783540779117  |9 978-3-540-77911-7 
024 7 |a 10.1007/978-3-540-77911-7  |2 doi 
040 |d GrThAP 
050 4 |a QA370-380 
072 7 |a PBKJ  |2 bicssc 
072 7 |a MAT007000  |2 bisacsh 
082 0 4 |a 515.353  |2 23 
100 1 |a Unterberger, André.  |e author. 
245 1 0 |a Alternative Pseudodifferential Analysis  |h [electronic resource] :  |b With an Application to Modular Forms /  |c by André Unterberger. 
264 1 |a Berlin, Heidelberg :  |b Springer Berlin Heidelberg :  |b Imprint: Springer,  |c 2008. 
300 |a IX, 118 p.  |b online resource. 
336 |a text  |b txt  |2 rdacontent 
337 |a computer  |b c  |2 rdamedia 
338 |a online resource  |b cr  |2 rdacarrier 
347 |a text file  |b PDF  |2 rda 
490 1 |a Lecture Notes in Mathematics,  |x 0075-8434 ;  |v 1935 
505 0 |a Preface -- Introduction -- The Metaplectic and Anaplectic Representations -- The One-dimensional Alternative Pseudodifferential Analysis -- From Anaplectic Analysis to Usual Analysis -- Pseudodifferential Analysis and Modular Forms -- Index -- Bibliography. 
520 |a This volume introduces an entirely new pseudodifferential analysis on the line, the opposition of which to the usual (Weyl-type) analysis can be said to reflect that, in representation theory, between the representations from the discrete and from the (full, non-unitary) series, or that between modular forms of the holomorphic and substitute for the usual Moyal-type brackets. This pseudodifferential analysis relies on the one-dimensional case of the recently introduced anaplectic representation and analysis, a competitor of the metaplectic representation and usual analysis. Besides researchers and graduate students interested in pseudodifferential analysis and in modular forms, the book may also appeal to analysts and physicists, for its concepts making possible the transformation of creation-annihilation operators into automorphisms, simultaneously changing the usual scalar product into an indefinite but still non-degenerate one. 
650 0 |a Mathematics. 
650 0 |a Topological groups. 
650 0 |a Lie groups. 
650 0 |a Fourier analysis. 
650 0 |a Partial differential equations. 
650 0 |a Number theory. 
650 1 4 |a Mathematics. 
650 2 4 |a Partial Differential Equations. 
650 2 4 |a Topological Groups, Lie Groups. 
650 2 4 |a Fourier Analysis. 
650 2 4 |a Number Theory. 
710 2 |a SpringerLink (Online service) 
773 0 |t Springer eBooks 
776 0 8 |i Printed edition:  |z 9783540779100 
830 0 |a Lecture Notes in Mathematics,  |x 0075-8434 ;  |v 1935 
856 4 0 |u http://dx.doi.org/10.1007/978-3-540-77911-7  |z Full Text via HEAL-Link 
912 |a ZDB-2-SMA 
912 |a ZDB-2-LNM 
950 |a Mathematics and Statistics (Springer-11649)